Ťažké zbrane proti obchodu

Hoci Slovensko nezažilo masívnejšie ohrozenie zdravia spotrebiteľov potravinami, nastáva prísnejší boj o kvalitu potravín. Navrhované pokuty za nekvalitu. Výrobcovia i obchodníci sú opatrnejší. Možná korupcia inšpektorov.

Salvato in:
Dettagli Bibliografici
Autore principale: Haluza, Ivan
Natura: Capitolo di libro
Lingua:slovacco
Soggetti:
Tags: Aggiungi Tag
Nessun Tag, puoi essere il primo ad aggiungerne!!

MARC

LEADER 00000naa$a2200000$$$4500
001 0057565
005 20231009073115.0
041 0 |a slo 
044 |a SK 
245 1 0 |a Ťažké zbrane proti obchodu  |c Ivan Haluza 
520 |a Hoci Slovensko nezažilo masívnejšie ohrozenie zdravia spotrebiteľov potravinami, nastáva prísnejší boj o kvalitu potravín. Navrhované pokuty za nekvalitu. Výrobcovia i obchodníci sú opatrnejší. Možná korupcia inšpektorov. 
610 2 0 |a potraviny 
610 2 0 |a kvalita 
610 2 0 |a bezpečnosť potravinová 
610 2 0 |a Slovensko 
610 2 0 |a kontrola 
100 1 |a Haluza, Ivan